| 000 | 01015cab a2200289 4500 | ||
|---|---|---|---|
| 001 | ABS52457 | ||
| 008 | 090401t xxu||||| |||| 00| 0 eng d | ||
| 035 | _a(Sirsi) u79407 | ||
| 041 | _aeng | ||
| 100 | _aDouglas, J. | ||
| 245 | _aDevelopments in appraising the total performance of buildings | ||
| 260 | _c12(6) 1993/4, 10-15(6) | ||
| 350 | _a0 | ||
| 490 |
_aStructural Survey _v12(6) 1993/4, 10-15(6) |
||
| 520 | _aDevelops ideas previously presented to an RICS conference on current and potential methods of evaluating the total performance of buildings in an on-going, dynamic manner. | ||
| 650 | _aBUILDING PERFORMANCE APPRAISALS | ||
| 650 | _aBUILDING PERFORMANCE | ||
| 650 | _aCONDITION SURVEYS | ||
| 650 | _aENERGY EFFICIENCY | ||
| 650 |
_aFACILITIES MANAGEMENT _96240 |
||
| 650 | _aPROPERTY EFFICIENCY ASSESSMENT | ||
| 650 | _aTOTAL BUILDING PERFORMANCE | ||
| 690 | _aCOMMERCIAL PROPERTY-MANAGEMENT | ||
| 690 | _aOFFICE SERVICES AND ADMINISTRATION | ||
| 942 | _n0 | ||
| 948 | _c04/03/1997 | ||
| 999 |
_c49911 _d49911 |
||